Kartografická funkcionalita Open Source softvérov

Saved in:
Bibliographic Details
Main Author: Červencová, Martina (Author)
Other Authors: Fencík, Róbert (Thesis advisor)
Format: Manuscript Book
Language:Slovak
Published: 2017
Subjects:
Online Access:http://is.stuba.sk/zp/portal_zp.pl?podrobnosti=131400
https://opac.crzp.sk/?fn=detailBiblioForm&sid=3D579E6F99510E20DABD48D0A384
Tags: Add Tag
No Tags, Be the first to tag this record!

MARC

LEADER 00000ntm a22000003a 4500
001 stuzp63311
003 SK-STU
005 20230526134922.0
007 ta
008 150427s2015----xo-----f-mn---000-0-slo-d
040 |a STU  |b slo 
041 0 |a slo 
100 1 |a Červencová, Martina  |u 010130  |4 aut  |U SvF Stavebná fakulta  |T SvF Katedra geodetických základov  |X 62674  |U V130  |Y 13  |7 62674 
242 0 1 |a Cartographic functionality of Open Source software  |y eng 
245 1 0 |a Kartografická funkcionalita Open Source softvérov 
260 |c 2017 
650 4 |a tematické mapy  |2 slo 
650 4 |a metóda kartodiagramov  |2 slo 
650 4 |a metóda kartogramov  |2 slo 
650 4 |a QGIS  |2 slo 
650 4 |a CARTO  |2 slo 
650 4 |a method of diagrams  |2 eng 
650 4 |a choropleths  |2 eng 
650 4 |a QGIS  |2 eng 
650 4 |a thematic maps  |2 eng 
650 4 |a CARTO  |2 eng 
700 1 |a Fencík, Róbert  |u 010130  |k Z1  |4 ths  |U SvF Stavebná fakulta  |T SvF Katedra geodetických základov  |X 929  |U V130  |Y 13  |7 A000000929 
856 4 |u http://is.stuba.sk/zp/portal_zp.pl?podrobnosti=131400 
856 4 |u https://opac.crzp.sk/?fn=detailBiblioForm&sid=3D579E6F99510E20DABD48D0A384